000 00477nam a22001697a 4500
005 20251108164132.0
008 250721s1998 xx 000 0 ara d
082 1 4 _a211/درو
100 1 _aدرويش، إبراهيم
245 1 0 _aتعرف على القرآن الكريم /
264 1 _aعمان :
_bدار الضياء،
_c1998.
300 _aج
650 1 7 _aالقرآن الكريم
650 1 7 _aالعلوم القرآنية
942 _2ddc
_cBK
999 _c4513
_d4513